[Event "Niederoesterreich Landesliga 1011"]
[Site "Austria"]
[Date "2010.09.12"]
[Round "1"]
[White "Ehs, Dominik"]
[Black "Wallner, Erich"]
[Result "0-1"]
[WhiteElo "1855"]
[BlackElo "2168"]
[PlyCount "86"]
[EventDate "2010.09.12"]
[EventType "team-tourn"]
[EventRounds "13"]
[EventCountry "AUT"]
[SourceTitle "EXT 2022"]
[Source "ChessBase"]
[SourceDate "2021.10.06"]
[SourceVersion "1"]
[SourceVersionDate "2021.10.06"]
[SourceQuality "1"]

1. e4 c6 2. d4 d5 3. exd5 cxd5 4. c4 e6 5. Nc3 Nf6 6. Nf3 Be7 7. Bd3 0-0 8. 0-0 dxc4 9. Bxc4 Nc6 10. a3 b6 11. Re1 Bb7 12. b4 Rc8 13. Qd3 Qc7 14. Bd2 Nxd4 15. Nxd4 Qxc4 16. Qxc4 Rxc4 17. Nf5 Re8 18. Nxe7+ Rxe7 19. Nb5 Rd7 20. Rad1 Bc6 21. Nc3 Rxd2 22. Rxd2 Rxc3 23. Rd8+ Be8 24. Ra1 b5 25. Ra8 Kf8 26. Rxa7 Nd5 27. h3 h5 28. Rd1 Rc8 29. g3 g5 30. Kf1 Kg7 31. Rd3 Kf6 32. Ke2 Ke5 33. Kd2 f5 34. Rh7 g4 35. hxg4 hxg4 36. Ra7 Rc4 37. Ra8 Bc6 38. Rc8 Nf6 39. Re3+ Ne4+ 40. Ke1 Kd4 41. Ke2 Bd5 42. Rb8 Rc2+ 43. Ke1 Rc1+ 0-1

[Event "Niederoesterreich Landesliga 0708"]
[Site "Austria"]
[Date "2008.03.09"]
[Round "10"]
[White "Wallner, Erich"]
[Black "Ebner, Johann"]
[Result "0-1"]
[WhiteElo "2192"]
[BlackElo "2042"]
[PlyCount "94"]
[EventDate "2007.09.16"]
[EventType "team-tourn"]
[EventRounds "13"]
[EventCountry "AUT"]
[SourceTitle "EXT 2022"]
[Source "ChessBase"]
[SourceDate "2021.10.06"]
[SourceVersion "1"]
[SourceVersionDate "2021.10.06"]
[SourceQuality "1"]

1. d4 e6 2. Nf3 Nf6 3. Bg5 h6 4. Bf4 b6 5. Nbd2 Bb7 6. e3 Be7 7. Bg3 0-0 8. Bd3 d5 9. Ne5 c5 10. c3 Nbd7 11. 0-0 Ne4 12. Nxd7 Qxd7 13. Qe2 Nxd2 14. Qxd2 Bc6 15. Qe2 a6 16. Rad1 Bb5 17. dxc5 Bxd3 18. Rxd3 bxc5 19. c4 Rfd8 20. Rfd1 Qb7 21. cxd5 exd5 22. Be5 Rd7 23. Qg4 Bf8 24. Rb3 Qc6 25. Bc3 c4 26. Rb6 Qxb6 27. Qxd7 Rd8 28. Qg4 Qe6 29. Qd4 f5 30. h3 Rd7 31. Kf1 g5 32. Qe5 Qxe5 33. Bxe5 Kf7 34. Ke2 Ke6 35. Bc3 Bc5 36. g4 Rf7 37. gxf5+ Rxf5 38. b4 Bd6 39. Rb1 Be5 40. Bd2 c3 41. Be1 Rf7 42. Rc1 d4 43. f4 gxf4 44. exd4 Bxd4 45. Bxc3 f3+ 46. Kd3 Bxc3 47. Kxc3 Rc7+ 0-1

[Event "Niederoesterreich Landesliga 0708"]
[Site "Austria"]
[Date "2007.10.14"]
[Round "3"]
[White "Rabl, Gerhard"]
[Black "Wallner, Erich"]
[Result "0-1"]
[WhiteElo "1937"]
[BlackElo "2192"]
[PlyCount "98"]
[EventDate "2007.09.16"]
[EventType "team-tourn"]
[EventRounds "13"]
[EventCountry "AUT"]
[SourceTitle "EXT 2022"]
[Source "ChessBase"]
[SourceDate "2021.10.06"]
[SourceVersion "1"]
[SourceVersionDate "2021.10.06"]
[SourceQuality "1"]

1. d4 Nf6 2. Nf3 c5 3. g3 e6 4. Bg2 Nc6 5. 0-0 d5 6. b3 Bd7 7. Bb2 Qb6 8. e3 Rc8 9. c3 Be7 10. Nbd2 cxd4 11. exd4 0-0 12. Re1 Rfd8 13. h3 Be8 14. Bf1 Qc7 15. Bd3 Bd6 16. Qe2 Nd7 17. c4 dxc4 18. Nxc4 Be7 19. Rac1 Nf6 20. Nce5 Qb8 21. Bb1 Nd5 22. Red1 a6 23. Kh2 g6 24. h4 Na7 25. a4 Rxc1 26. Rxc1 Rc8 27. Rxc8 Qxc8 28. h5 Nc3 29. Bxc3 Qxc3 30. hxg6 hxg6 31. Qd3 Bb4 32. Qxc3 Bxc3 33. Be4 b5 34. axb5 Nxb5 35. Bb7 Nc7 36. Nc6 Kf8 37. Kg1 f6 38. Kf1 g5 39. g4 Bg6 40. Ke2 Bc2 41. b4 Be4 42. Ke3 Bxc6 43. Bxc6 Bxb4 44. Kd3 Ke7 45. Kc4 Kd6 46. Ba4 Nd5 47. Be8 a5 48. Ng1 Nf4 49. Nf3 Nh3 0-1

[Event "Niederoesterreich Landesliga 0607"]
[Site "Austria"]
[Date "2007.04.22"]
[Round "11"]
[White "Loidl, Florian"]
[Black "Wallner, Erich"]
[Result "1/2-1/2"]
[WhiteElo "2233"]
[BlackElo "2155"]
[PlyCount "113"]
[EventDate "2006.09.17"]
[EventType "team-tourn"]
[EventRounds "11"]
[EventCountry "AUT"]
[SourceTitle "EXT 2022"]
[Source "ChessBase"]
[SourceDate "2021.10.06"]
[SourceVersion "1"]
[SourceVersionDate "2021.10.06"]
[SourceQuality "1"]

1. e4 c6 2. d4 d5 3. e5 Bf5 4. Bd3 Bxd3 5. Qxd3 e6 6. Be3 Qb6 7. Qb3 Nd7 8. Nd2 Ne7 9. Ne2 Qa6 10. f4 Nf5 11. Bf2 h5 12. Ng3 Nh4 13. Rg1 Be7 14. Ne2 g6 15. Bxh4 Bxh4+ 16. g3 Be7 17. Nf3 c5 18. c3 cxd4 19. cxd4 Rc8 20. Kf2 0-0 21. Rac1 Nb6 22. g4 Rxc1 23. Rxc1 hxg4 24. Ng5 Rc8 25. Rxc8+ Nxc8 26. Qc2 Qc6 27. Qxc6 bxc6 28. Kg3 Bxg5 29. fxg5 Kf8 30. Kxg4 Ne7 31. Ng3 a5 32. h4 Ke8 33. h5 gxh5+ 34. Kxh5 Ng6 35. Ne2 c5 36. dxc5 Nxe5 37. b3 Kd7 38. Nd4 Nc6 39. Nb5 e5 40. Kg4 Ne7 41. Nd6 Ke6 42. a3 f6 43. gxf6 Kxf6 44. Nb7 Nc6 45. Nd6 Ke6 46. Nb5 d4 47. Nc7+ Kd7 48. Nd5 Na7 49. Kf5 Kc6 50. Kxe5 Kxc5 51. Nf4 Nc6+ 52. Ke4 a4 53. Nd3+ Kb5 54. b4 Kc4 55. b5 Kxb5 56. Kd5 Na5 57. Kxd4 1/2-1/2

[Event "Niederoesterreich Landesliga 0607"]
[Site "Austria"]
[Date "2006.11.12"]
[Round "5"]
[White "Wallner, Erich"]
[Black "Dietrich, Markus"]
[Result "1-0"]
[WhiteElo "2155"]
[BlackElo "1992"]
[PlyCount "53"]
[EventDate "2006.09.17"]
[EventType "team-tourn"]
[EventRounds "11"]
[EventCountry "AUT"]
[SourceTitle "EXT 2022"]
[Source "ChessBase"]
[SourceDate "2021.10.06"]
[SourceVersion "1"]
[SourceVersionDate "2021.10.06"]
[SourceQuality "1"]

1. d4 Nf6 2. Bg5 Ne4 3. Bf4 c5 4. d5 Qa5+ 5. c3 Qb6 6. Qc2 d6 7. f3 Nf6 8. e4 g6 9. Bd3 Bg7 10. Ne2 Bd7 11. Nd2 Bb5 12. c4 Ba6 13. Nc3 Nbd7 14. 0-0 Nh5 15. Be3 Bxc3 16. Qxc3 f6 17. f4 Qc7 18. Nf3 b6 19. Bd2 Rg8 20. Rfe1 h6 21. e5 dxe5 22. fxe5 Nxe5 23. Nxe5 fxe5 24. Rxe5 g5 25. Rc1 Rg7 26. Re6 0-0-0 27. Rc6 1-0

[Event "Niederoesterreich Landesliga 0607"]
[Site "Austria"]
[Date "2006.10.15"]
[Round "3"]
[White "Wallner, Erich"]
[Black "Steiner, Adam"]
[Result "1-0"]
[WhiteElo "2155"]
[BlackElo "2140"]
[PlyCount "103"]
[EventDate "2006.09.17"]
[EventType "team-tourn"]
[EventRounds "11"]
[EventCountry "AUT"]
[SourceTitle "EXT 2022"]
[Source "ChessBase"]
[SourceDate "2021.10.06"]
[SourceVersion "1"]
[SourceVersionDate "2021.10.06"]
[SourceQuality "1"]

1. d4 Nf6 2. Bg5 Ne4 3. Bf4 c5 4. f3 Qa5+ 5. c3 Nf6 6. Nd2 cxd4 7. Nb3 Qf5 8. Bxb8 Rxb8 9. Nxd4 Qa5 10. e4 e5 11. Nb3 Qd8 12. Bc4 b5 13. Bd5 Nxd5 14. Qxd5 d6 15. Rd1 Be7 16. Ne2 Qb6 17. Qd2 Be6 18. Ng3 g6 19. Qf2 b4 20. Qxb6 Rxb6 21. Ne2 0-0 22. cxb4 Bxb3 23. axb3 Rxb4 24. Rd3 Rfb8 25. Kd2 Rxb3 26. Rxb3 Rxb3 27. Kc2 Rb7 28. Nc3 f5 29. Nd5 Kf7 30. b4 Ke6 31. Kd3 Bd8 32. Rc1 h5 33. Rc8 Kd7 34. Ra8 h4 35. Kc4 fxe4 36. fxe4 g5 37. h3 a5 38. b5 a4 39. Rxa4 Ke6 40. b6 Bf6 41. Ra7 Rb8 42. Rh7 Bd8 43. Kb5 Rc8 44. Nc7+ Kf6 45. Kc6 Rb8 46. b7 d5 47. Nxd5+ Kg6 48. Rd7 Ba5 49. Rc7 Bxc7 50. Kxc7 Rxb7+ 51. Kxb7 g4 52. Kc6 1-0

[Event "Niederoesterreich Landesliga 0405"]
[Site "Austria"]
[Date "2004.10.17"]
[Round "3"]
[White "Wadsack, Winfried"]
[Black "Wallner, Erich"]
[Result "0-1"]
[WhiteElo "2090"]
[BlackElo "2111"]
[PlyCount "86"]
[EventDate "2004.09.19"]
[EventType "team-tourn"]
[EventRounds "11"]
[EventCountry "AUT"]
[SourceTitle "EXT 2022"]
[Source "ChessBase"]
[SourceDate "2021.10.06"]
[SourceVersion "1"]
[SourceVersionDate "2021.10.06"]
[SourceQuality "1"]

1. e4 c6 2. d4 d5 3. exd5 cxd5 4. c4 Nf6 5. Nc3 e6 6. Nf3 Be7 7. c5 b6 8. Bb5+ Bd7 9. b4 a5 10. Qa4 0-0 11. Ne5 Bxb5 12. Nxb5 Nfd7 13. Bf4 Nxe5 14. Bxe5 Nc6 15. Nc7 b5 16. Qxb5 Nxd4 17. Qa4 Rc8 18. Rd1 Bf6 19. Bxd4 Bxd4 20. Nb5 Be5 21. 0-0 Qh4 22. f4 Bxf4 23. g3 Be3+ 24. Kg2 Qxb4 25. Qxb4 axb4 26. Nd6 Rxc5 27. Rb1 Rc2+ 28. Kh3 Bc5 29. Nb7 Rb8 30. Nxc5 Rxc5 31. Rf3 Kf8 32. a3 Ke7 33. axb4 Rcb5 34. Rc1 R8b7 35. Rc8 Rxb4 36. Rh8 f5 37. Rxh7 Kf6 38. Rh8 Rb3 39. Rf1 Rb1 40. Rf4 R1b2 41. Rf3 Re2 42. g4 Rbb2 43. Ra8 Kg5 0-1

[Event "Niederoesterreich Landesliga 0304"]
[Site "Austria"]
[Date "2003.11.16"]
[Round "5"]
[White "Wallner, Erich"]
[Black "Wadsack, Winfried"]
[Result "0-1"]
[WhiteElo "2179"]
[BlackElo "2146"]
[PlyCount "130"]
[EventDate "2003.09.21"]
[EventType "team-tourn"]
[EventRounds "11"]
[EventCountry "AUT"]
[SourceTitle "EXT 2022"]
[Source "ChessBase"]
[SourceDate "2021.10.06"]
[SourceVersion "1"]
[SourceVersionDate "2021.10.06"]
[SourceQuality "1"]

1. d4 d5 2. Bg5 h6 3. Bh4 c6 4. e3 Nd7 5. Nf3 Ngf6 6. Nbd2 Qb6 7. Rb1 c5 8. c3 e6 9. Bd3 Bd6 10. 0-0 Qc7 11. e4 cxd4 12. cxd4 dxe4 13. Nxe4 Nxe4 14. Bxe4 Bf4 15. Qe2 0-0 16. Bg3 Bxg3 17. hxg3 Nf6 18. Rfc1 Qb6 19. Rc3 Nxe4 20. Qxe4 Bd7 21. Ne5 Bb5 22. Rbc1 Rad8 23. Rc5 Rd6 24. b3 Ba6 25. Qf4 Qd8 26. Nf3 f6 27. Rc7 Rd7 28. R7c5 Re8 29. Qe3 Kf7 30. Qf4 Kg8 31. Qe3 Qe7 32. Rc8 b6 33. Rxe8+ Qxe8 34. Rc6 Kf7 35. Qc3 Qe7 36. a4 Bb7 37. Rc4 Bd5 38. Rc8 Qd6 39. Qd3 Bb7 40. Rc3 Qd5 41. Qe3 Qe4 42. a5 Ke7 43. axb6 axb6 44. Qc1 g5 45. Rc7 Qd5 46. Qa3+ Qd6 47. Rxd7+ Kxd7 48. Qa4+ Qc6 49. Qb4 Qd6 50. Qc3 Bd5 51. Qe3 Qc6 52. Kh2 Qc2 53. Nd2 Kc6 54. g4 Kb5 55. f3 Kb4 56. Ne4 f5 57. gxf5 exf5 58. Nf6 Qc7+ 59. Kg1 Bxb3 60. Qd3 Qc2 61. Qe3 b5 62. Qe5 Qc1+ 63. Kf2 f4 64. Nd5+ Ka5 65. g4 Qb2+ 0-1